Kvalifikovaný robotník je vždy potrebný Viesť žiakov k odbornej telesnej práci

Bibliographic Details
Main Author: (mw) (Author)
Format: Article
Language:Slovak
Subjects:

MARC

LEADER 00000nab a2200000 a 4500
001 vtls000590159
003 SK-MaSNL
005 20260303011616.0
008 140302c1996 xo 0 slo
015 |a SNBRB19rr/mm-uuuuu 
035 |a CL0590298 
040 |a SNKBUCL  |b slo  |c SNKBUCL  |e AACR2 
041 0 |a slo 
044 |a xo  |c SK 
080 |a 371.233:37.048.4  |2 1981 
080 |a 37.048.4  |2 1981 
100 1 |a (mw)  |4 aut  |9 882254 
245 1 0 |a Kvalifikovaný robotník je vždy potrebný  |b Viesť žiakov k odbornej telesnej práci  |c (MW) 
650 0 7 |a profesie robotnícke  |2 snkbucl  |9 990364 
650 0 7 |a voľba povolania  |2 snkbucl  |9 2207 
650 0 7 |a školské exkurzie  |2 snkbucl  |9 83894 
655 7 |a články z novín a časopisov  |2 snkbucl  |9 267496 
773 0 |t Učiteľské noviny  |g Roč. 46, č. 15 (1996), s. 8 
850 |a Slovenská národná knižnica v Martine  |a MTA001 
852 |a SNK  |b KIS3GCP 
958 |a RK 
992 |a RBX 
999 |c 1593039  |d 1594969